| 000 | 00496nam a2200169Ia 4500 | ||
|---|---|---|---|
| 999 |
_c3507 _d3507 |
||
| 003 | OSt | ||
| 005 | 20200821115041.0 | ||
| 008 | 190216s9999||||xx |||||||||||||| ||und|| | ||
| 020 | _a9781844073580 | ||
| 040 | _coclc | ||
| 082 |
_a620.5 _bHUN/N |
||
| 100 |
_aHunt, Geoffrey _94261 |
||
| 245 | 0 |
_aNanotechnology Risk, Ethics And Law / _cGeoffrey Hunt ; Michael Mehta |
|
| 260 |
_bEarthscan, _c2007. _aLondon: |
||
| 300 | _a296p | ||
| 942 |
_cBK _2ddc _h620.5 _iHUN/N _k620.5 _mHUN/N |
||